<?xml version="1.0" encoding="UTF-8"?><?xml-stylesheet type="text/xsl" href="static/style.xsl"?><OAI-PMH xmlns="http://www.openarchives.org/OAI/2.0/" xmlns:xsi="http://www.w3.org/2001/XMLSchema-instance" xsi:schemaLocation="http://www.openarchives.org/OAI/2.0/ http://www.openarchives.org/OAI/2.0/OAI-PMH.xsd"><responseDate>2026-04-17T05:58:15Z</responseDate><request verb="GetRecord" identifier="oai:www.recercat.cat:10230/35571" metadataPrefix="marc">https://recercat.cat/oai/request</request><GetRecord><record><header><identifier>oai:recercat.cat:10230/35571</identifier><datestamp>2025-12-25T19:57:37Z</datestamp><setSpec>com_2072_6</setSpec><setSpec>col_2072_452954</setSpec></header><metadata><record xmlns="http://www.loc.gov/MARC21/slim" xmlns:dcterms="http://purl.org/dc/terms/" xmlns:xsi="http://www.w3.org/2001/XMLSchema-instance" xmlns:doc="http://www.lyncode.com/xoai" xsi:schemaLocation="http://www.loc.gov/MARC21/slim http://www.loc.gov/standards/marcxml/schema/MARC21slim.xsd">
   <leader>00925njm 22002777a 4500</leader>
   <datafield ind2=" " ind1=" " tag="042">
      <subfield code="a">dc</subfield>
   </datafield>
   <datafield ind2=" " ind1=" " tag="720">
      <subfield code="a">Pajuelo Centeno, Xavier</subfield>
      <subfield code="e">author</subfield>
   </datafield>
   <datafield ind2=" " ind1=" " tag="260">
      <subfield code="c">2018-10-05T10:18:11Z</subfield>
   </datafield>
   <datafield ind2=" " ind1=" " tag="260">
      <subfield code="c">2018-10-05T10:18:11Z</subfield>
   </datafield>
   <datafield ind2=" " ind1=" " tag="260">
      <subfield code="c">2016</subfield>
   </datafield>
   <datafield ind2=" " ind1=" " tag="520">
      <subfield code="a">Treball de Fi de Grau en Criminologia i Polítiques Públiques de Prevenció. Curs 2015-2016</subfield>
   </datafield>
   <datafield ind2=" " ind1=" " tag="520">
      <subfield code="a">Tutor: David Felip Saborit</subfield>
   </datafield>
   <datafield ind2=" " ind1=" " tag="520">
      <subfield code="a">El presente trabajo analiza la problemática de la delincuencia ejercida contra personas sin hogar. Lo cierto es que el colectivo en cuestión presenta unas tasas de victimización muy superiores en comparación con las personas que no se encuentran en dicha situación de marginalidad y pobreza. Como se ha comprobado, ello parece ser consecuencia de la alta vulnerabilidad y de los estilos de vida de las personas en situación de &amp;quot;homelessness&amp;quot;. Sin embargo, parte del global de delitos perpetrados contra los llamados &amp;quot;sin techo&amp;quot; no solo pueden ser comprendidos a partir de la mayor vulnerabilidad del colectivo, sino que  el agresor desarrolla los comportamientos criminales a consecuencia de motivaciones prejuiciosas por razón de pobreza. Es decir, pasaríamos del ámbito de la  delincuencia ordinaria a los denominados delitos de odio. Cabe mencionar que dicha motivación discriminatoria no está recogida por la legislación penal española. Por ello, el presente trabajo trata de comprobar si realmente podemos hablar de la existencia de los delitos por motivaciones &amp;quot;aporofóbicas&amp;quot; en España y, en caso afirmativo, analizar la problemática con la intención de sintetizar y visibilizar aquello que está pasando en las calles del Estado español día tras día.</subfield>
   </datafield>
   <datafield tag="653" ind2=" " ind1=" ">
      <subfield code="a">Treball de fi de grau – Curs 2015-2016</subfield>
   </datafield>
   <datafield ind2="0" ind1="0" tag="245">
      <subfield code="a">Víctimas desagradables : delitos de odio contra personas sin hogar por motivaciones aporofóbicas en España</subfield>
   </datafield>
</record></metadata></record></GetRecord></OAI-PMH>